Top 100 Players of 2016 NFL Season - Statistics

General Stats
  • This quiz has been taken 18 times
  • The average score is 22 of 100
Answer Stats
Hint Answer % Correct
#44 Cam Newton
67%
#4 Antonio Brown
60%
#8 Odell Beckham Jr
60%
#98 Adrian Peterson
53%
#81 Alex Smith
53%
#85 Chandler Jones
53%
#16 Drew Brees
53%
#74 Harrison Smith
53%
#3 Julio Jones
53%
#32 Marcus Peters
53%
#10 Matt Ryan
53%
#19 Patrick Peterson
53%
#23 Rob Gronkowski
53%
#24 Russell Wilson
53%
#18 Tyron Smith
53%
#6 Aaron Rodgers
47%
#17 AJ Green
40%
#12 David Johnson
40%
#35 JJ Watt
40%
#21 Richard Sherman
40%
#29 Mike Evans
33%
#73 Philip Rivers
33%
#1 Tom Brady
33%
#47 Trent Williams
33%
#36 Tyreek Hill
33%
#22 Ben Roethlisberger
27%
#63 Chris Harris
27%
#96 Damon Harrison
27%
#60 Dez Bryant
27%
#30 Earl Thomas
27%
#7 Ezekiel Elliot
27%
#25 Joe Thomas
27%
#70 Kirk Cousins
27%
#45 Larry Fitzgerald
27%
#9 Le'Veon Bell
27%
#55 Ndamukong Suh
27%
#89 Thomas Davis
27%
#15 Aaron Donald
20%
#93 Brandon Graham
20%
#62 Cameron Wake
20%
#14 Dak Prescott
20%
#33 DeMarco Murray
20%
#11 Derek Carr
20%
#41 Devonta Freeman
20%
#52 Gerald McCoy
20%
#42 Jarvis Landry
20%
#100 Joey Bosa
20%
#48 Jordy Nelson
20%
#5 Khalil Mack
20%
#27 LeSean McCoy
20%
#20 Luke Kuechly
20%
#79 Sean Lee
20%
#26 Travis Kelce
20%
#2 Von Miller
20%
#58 Zack Martin
20%
#82 Clay Matthews
13%
#56 Cliff Avril
13%
#97 David DeCastro
13%
#38 Fletcher Cox
13%
#54 Janoris Jenkins
13%
#69 Jay Ajayi
13%
#71 Julian Edelman
13%
#80 LeGarrette Blount
13%
#90 Malcom Jenkins
13%
#31 Matthew Stafford
13%
#46 Michael Bennett
13%
#87 Travis Frederick
13%
#61 TY Hilton
13%
#66 Xavier Rhodes
13%
#53 Amari Cooper
7%
#51 Andrew Luck
7%
#37 Aqib Talib
7%
#78 Brian Orakpo
7%
#83 Calais Campbell
7%
#94 Dont'a Hightower
7%
#88 Doug Baldwin
7%
#13 Eric Berry
7%
#68 Geno Atkins
7%
#67 Greg Olsen
7%
#49 Jadeveon Clowney
7%
#57 Jameis Winston
7%
#65 Jordan Reed
7%
#59 Josh Norman
7%
#34 Kam Chancellor
7%
#28 Landon Collins
7%
#99 Malcom Butler
7%
#43 Marshal Yanda
7%
#40 Vic Beasley
7%
#39 Bobby Wagner
0%
#64 Casey Hayward
0%
#75 Delanie Walker
0%
#92 Everson Griffen
0%
#77 Ha Ha Clinton-Dix
0%
#86 Jurrell Casey
0%
#76 Justin Houston
0%
#95 Kelechi Osemele
0%
#91 Lorenzo Alexander
0%
#50 Marcus Mariota
0%
#84 Mike Daniels
0%
#72 Taylor Lewan
0%
No matching quizzes found
Score Distribution
Percent of People with Each Score
Percentile by Number Answered
Your Score History
You have not taken this quiz